La bien-aimée / (Record no. 149734)

MARC details
000 -LEADER
campo de control de longitud fija 00409nam a2200157 i 4500
001 - NÚMERO DE CONTROL
campo de control 149734
003 - IDENTIFICADOR DE NÚMERO DE CONTROL
campo de control ES-MaACL
005 - FECHA Y HORA DE LA ÚLTIMA TRANSACCIÓN
campo de control 20230906203231.0
007 - CAMPO FIJO DE DESCRIPCIÓN FÍSICA--INFORMACIÓN GENERAL
campo de control de longitud fija t|
008 - DATOS DE LONGITUD FIJA--INFORMACIÓN GENERAL
campo de control de longitud fija 071024q19001950fr ||||1| fre d
100 1# - ENTRADA PRINCIPAL--NOMBRE DE PERSONA
Nombre de persona Vaudoyer, Jean-Louis.
9 (RLIN) 113311
245 13 - MENCIÓN DEL TÍTULO
Título La bien-aimée /
Mención de responsabilidad, etc. Jean-Louis Vaudoyer.
260 ## - PUBLICACIÓN, DISTRIBUCIÓN, ETC.
Lugar de publicación, distribución, etc. [Lagny :
Nombre del editor, distribuidor, etc. E. Grevin,
Fecha de publicación, distribución, etc. 19-?]
300 ## - DESCRIPCIÓN FÍSICA
Extensión 284 p. ;
Dimensiones 18 cm.
852 ## - LOCALIZACIÓN
Ubicación ES-MaACL
Número de control de estantería F-5388
Holdings
Estatus retirado Estado de pérdida Estado de daño No para préstamo Colección Biblioteca de origen Biblioteca actual Ubicación en estantería Fecha de adquisición Fuente de adquisición Total de préstamos Signatura topográfica completa Código de barras Visto por última vez Precio de reemplazo Tipo de ítem Koha
        Libros del s. XIX Biblioteca del Ateneo de Madrid Biblioteca del Ateneo de Madrid Depósito 2 17/01/2008     F-5388 1156250 23/02/2023 23/02/2023 Libro impreso antiguo